[Event "IND-ch Senior Open 2019"]
[Site "Mazitar"]
[Date "2019.12.13"]
[Round "5.4"]
[White "Lalith Babu M R"]
[Black "Satyapragyan, Swayangsu"]
[Result "1-0"]
[WhiteElo "2556"]
[BlackElo "2412"]
[Annotator "TA"]
[PlyCount "48"]
[EventDate "2018.12.08"]
[EventType "swiss"]
[EventCountry "IND"]
[SourceTitle "playchess.com"]
[Source "ChessBase"]
[SourceQuality "1"]

{[%evp 10,48,27,32,29,25,24,20,18,0,3,-12,0,-11,-11,-23,0,0,0,0,0,0,0,0,16,9,10,8,7,0,6,0,30,10,22,33,26,37,22,14,25]} 1. d4 Nf6 2. c4 e6 3. Nf3 Bb4+ 4. Bd2 Qe7 5. g3 Bxd2+ 6. Qxd2 Nc6 {E11: Bogo-Indian} 7. Nc3 d5 8. Ne5 dxc4 9. Nxc4 O-O $1 10. Ne5 $146 ({Predecessor:} 10. e3 Rd8 11. f4 Nb4 12. a3 Nbd5 13. b4 b6 14. Nxd5 exd5 {½-½ (61) Karpov,A (2628)-Gharamian,T (2654) Cap d'Agde 2015}) 10... Rd8 {[#] ...Nxe5 is the strong threat.} 11. Nxc6 bxc6 12. Bg2 e5 13. Bxc6 Rxd4 14. Qc2 Rb8 15. O-O Bh3 16. Rfd1 Qe6 17. Bf3 Bf5 18. Qc1 c5 19. e3 $36 {[%mdl 2048] White is more active.} Rxd1+ 20. Qxd1 e4 21. Bg2 Bh3 22. Qc2 Bxg2 23. Kxg2 h5 24. h4 Qf5 {[%mdl 32768] Accuracy: White = 85%, Black = 62%. . Loss on time!?} 1-0

[Event "IND-ch Senior Open 2019"]
[Site "Mazitar"]
[Date "2019.12.13"]
[Round "5.5"]
[White "Girinath, P.D.S."]
[Black "Deepan Chakkravarthy J."]
[Result "1/2-1/2"]
[WhiteElo "2330"]
[BlackElo "2535"]
[Annotator "TA"]
[PlyCount "45"]
[EventDate "2018.12.08"]
[EventType "swiss"]
[EventCountry "IND"]
[SourceTitle "playchess.com"]
[Source "ChessBase"]
[SourceQuality "1"]

{[%evp 11,45,0,0,-17,8,-12,0,0,10,0,20,4,25,0,15,-8,12,34,33,19,16,13,47,49,43,47,35,10,55,21,47,47,45,42,31,38]} 1. e4 e6 2. d4 d5 3. exd5 exd5 4. Nf3 Bd6 5. Nc3 c6 6. Bd3 Ne7 7. a3 {C01: French: Exchange Variation} (7. Ne2 Bf5 8. Bf4 Bxf4 9. Nxf4 Nd7 10. O-O O-O 11. Bxf5 Nxf5 12. Qd3 Nd6 13. Rfe1 Re8 14. Rxe8+ Qxe8 15. Re1 Qf8 16. Nd2 Re8 17. Rxe8 Qxe8 18. Qe2 Qxe2 19. Nxe2 Kf8 20. f3 Ke7 21. Nb1 {½-½ (21) Sermek,D (2535)-Kovacevic,A (2581) Murska Sobota 2008}) 7... Na6 $146 ({Predecessor:} 7... O-O 8. O-O Bg4 9. Bxh7+ Kh8 10. Bd3 Qc7 11. h3 Bh5 12. g4 Bg6 13. Bxg6 Nxg6 {0-1 (30) Naibov,F (1608)-Trusov,B (1851) Kaluga 2016}) 8. h3 h6 9. O-O {The position is equal.} O-O 10. Ne2 Ng6 11. Ng3 Nc7 12. Re1 Ne6 13. Ne5 Bxe5 14. dxe5 Nef4 15. Bxf4 Nxf4 16. Nh5 Qg5 {[%csl Gf4][%cal Rg5g2] [#]} 17. Nxf4 Qxf4 18. g3 Qa4 19. Kg2 Be6 20. c3 Qa5 21. f4 {White is slightly better.} f5 22. exf6 Rxf6 23. Re5 {Accuracy: White = 39%, Black = 30%.} 1/2-1/2

[Event "IND-ch Senior Open 2019"]
[Site "Mazitar"]
[Date "2019.12.14"]
[Round "6.1"]
[White "Gupta, Abhijeet"]
[Black "Akash G"]
[Result "1/2-1/2"]
[WhiteElo "2611"]
[BlackElo "2431"]
[Annotator "TA"]
[PlyCount "154"]
[EventDate "2018.12.08"]
[EventType "swiss"]
[EventCountry "IND"]
[SourceTitle "playchess.com"]
[Source "ChessBase"]
[SourceQuality "1"]

{[%evp 13,154,36,36,35,33,41,50,52,30,39,52,35,16,35,37,15,33,38,20,22,11,43,33,14,34,37,37,32,32,37,41,37,34,47,45,33,41,39,16,14,8,0,0,0,0,0,0,0,21,28,32,27,29,34,62,47,91,89,89,95,83,83,98,90,104,93,119,80,80,80,80,80,80,80,80,80,80,80,80,80,118,118,118,63,118,118,118,118,118,118,118,118,118,118,118,0,118,0,118,118,118,0,118,118,118,118,118,118,118,77,77,77,77,77,118,118,118,77,118,77,118,118,118,118,118,118,147,8,8,8,29,8,29,29,29,29,29,29,29,81,81,29,29]} 1. d4 Nf6 2. c4 g6 3. Nc3 Bg7 4. e4 d6 5. Nf3 O-O 6. h3 e5 $146 ({Predecessor:} 6... Na6 7. Bg5 Qe8 8. Be2 e5 9. d5 Nh5 10. g3 f5 11. exf5 {0-1 (34) Kacheishvili,G (2597)-Smirin,I (2649) Minneapolis 2005}) 7. d5 Nh5 8. g3 {E90: King's Indian: Classical: Early deviations and 6 h3} Na6 9. Be2 f5 10. exf5 {White is slightly better.} gxf5 11. Bg5 Qe8 12. Nh4 Nf6 13. Qc2 Nb4 14. Qb3 a5 15. a3 Na6 16. Qc2 Nc5 17. Be3 b6 18. g4 f4 19. Bxc5 $1 bxc5 20. g5 e4 21. gxf6 Bxf6 22. Nxe4 Bxh4 23. Rg1+ Kh8 {aiming for ...f3.} 24. Qc3+ Qe5 25. Qxe5+ dxe5 26. Bg4 Ba6 27. Be6 Bxc4 28. Rc1 Bb5 $1 29. Kd2 Be8 30. Rxc5 Bg6 31. Rxg6 hxg6 32. Rxc7 Rab8 33. Kc2 f3 34. d6 Rf4 35. d7 $1 Rxe4 36. Rc8+ {[%mdl 64] Double Attack} Kg7 37. Rxb8 $16 {[%mdl 4096] Endgame KRB-KRB} Re2+ 38. Kc3 e4 39. Rg8+ Kh7 {...e3 is the strong threat.} 40. Rf8 {Threatens to win with Bd5.} Rxf2 {White should prevent ...e3.} 41. Rf4 Bg5 {[#] Threatening ...e3.} 42. h4 $1 {[%mdl 512]} Bd8 {Strongly threatening ...e3.} 43. Rxe4 Re2 44. Rxe2 fxe2 {KB-KB} 45. Kd2 Kg7 46. Kxe2 Kf6 {[#]} 47. Bg4 $1 Ke5 48. Kd3 (48. h5 $16) 48... Kd5 (48... Kd6 $14) 49. h5 gxh5 50. Bxh5 Kd6 51. Bg4 Kd5 52. Kc3 Kc5 53. Kb3 Bc7 54. Kc3 Bd8 $1 55. Kd3 Kd5 56. Bh3 Bf6 57. Bg4 Bd8 $1 58. Bd1 Kd6 {[#]} 59. Ba4 $1 Kd5 60. Bb5 Kc5 61. Ba6 Kc6 62. Bc8 Kd5 63. Ke3 Kc4 64. a4 Kd5 65. Kd3 Kc5 66. Ke4 Bh4 67. Ke5 Kc6 68. Ke6 Kc7 69. Ba6 Kd8 70. b4 ({Better is} 70. Kd6 $16) 70... axb4 $11 71. Bc4 Bg3 72. a5 {[%cal Ba4a5,Ba5a6][%mdl 32]} Bc7 73. a6 {a7 would kill now.} Bb6 74. Kd6 Bf2 75. Be6 Be3 76. Kc6 (76. Bf7 $11) 76... Bf2 $16 77. Kb5 (77. Bc4 $16) 77... b3 $1 {Accuracy: White = 65%, Black = 76%.} 1/2-1/2

[Event "IND-ch Senior Open 2019"]
[Site "Mazitar"]
[Date "2019.12.14"]
[Round "6.2"]
[White "Chanda, Sandipan"]
[Black "Lalith Babu M R"]
[Result "1-0"]
[WhiteElo "2545"]
[BlackElo "2556"]
[Annotator "TA"]
[PlyCount "27"]
[EventDate "2018.12.08"]
[EventType "swiss"]
[EventCountry "IND"]
[SourceTitle "playchess.com"]
[Source "ChessBase"]
[SourceQuality "1"]

{[%evp 13,143,0,7,1,25,0,0,0,14,14,18,25,22,20,31,36,37,45,35,32,41,12,12,6,46,33,35,62,62,53,61,41,70,70,133,129,116,122,152,139,152,131,175,170,179,150,200,189,183,173,162,164,166,181,180,181,180,160,178,158,144,70,72,71,112,95,91,100,187,187,187,187,187,187,187,187,194,193,194,193,194,184,186,185,185,181,187,186,187,192,210,203,220,217,231,229,231,224,231,217,230,224,224,217,217,191,217,217,217,217,217,217,218,218,487,500,628,628,628,628,628,628,621,610,29976,29977,29977,29978,29972,29972,29967,29968]} 1. d4 Nf6 2. c4 e6 3. Nc3 Bb4 4. e3 O-O 5. Bd2 d5 6. Nf3 b6 7. cxd5 exd5 8. Rc1 {E51: Nimzo-Indian: Rubinstein: 4...0-0 5 Nf3 d5} (8. Bd3 Bb7 9. O-O Bd6 10. Rc1 c5 11. Ne5 Nc6 12. Ng4 Nxg4 13. Qxg4 c4 14. Bb1 Ne7 15. Nb5 f5 16. Qe2 a6 17. Nxd6 Qxd6 18. f3 b5 19. Be1 Ng6 20. Ba5 Ne7 21. Be1 Ng6 22. Ba5 Ne7 23. Be1 {½-½ (23) Nakamura,H (2743)-Giri,A (2779) Saint Louis 2019}) 8... a6 9. Be2 Bb7 10. O-O {The position is equal.} Nbd7 11. Ne5 Qe7 $146 ({Predecessor:} 11... Bd6 12. f4 c5 13. Be1 cxd4 14. exd4 Ne4 15. Qb3 Ndf6 {½-½ (76) Riazantsev,A (2671)-Smirnov,P (2595) Khanty-Mansiysk 2016}) 12. Nxd7 Nxd7 13. Qb3 Nf6 14. Bf3 {Played: Nc3-e4} 1-0

[Event "IND-ch Senior Open 2019"]
[Site "Mazitar"]
[Date "2019.12.14"]
[Round "6.3"]
[White "Aravindh, Chithambaram VR."]
[Black "Anurag, Mhamal"]
[Result "1-0"]
[WhiteElo "2605"]
[BlackElo "2490"]
[Annotator "RC"]
[PlyCount "117"]
[EventDate "2018.12.08"]
[EventType "swiss"]
[EventCountry "IND"]
[SourceTitle "playchess.com"]
[Source "ChessBase"]
[SourceQuality "1"]
[TimeControl "40/5400+30:1800+30"]

1. Nf3 g6 {[%emt 0:03:23]} 2. e4 Bg7 {[%emt 0:00:30]} 3. d4 e6 {[%emt 0:00:30]} 4. Nc3 {[%emt 0:00:33]} Ne7 {[%emt 0:00:04]} 5. Bg5 {[%emt 0:01:34]} h6 {[%emt 0:00:05]} 6. Bf4 {[%emt 0:00:04]} d6 {[%emt 0:00:12]} 7. Qd2 {[%emt 0:00:14]} a6 {[%emt 0:02:31]} 8. h4 {[%emt 0:01:20]} b5 {[%emt 0:01:59]} 9. Bd3 {[%emt 0:00:18]} Nbc6 {[%emt 0:22:07]} 10. Be3 {[%emt 0:04:54]} e5 {[%emt 0:04:06]} 11. dxe5 {[%emt 0:01:47]} dxe5 {[%emt 0:00:04]} 12. Bc5 {[%emt 0:01:00]} Bg4 {[%emt 0:13:19]} 13. Nh2 {[%emt 0:01:07]} Be6 {[%emt 0:00:51]} 14. a4 {[%emt 0:00:55]} b4 {[%emt 0:00:48]} 15. Ne2 {[%emt 0:00:16]} h5 {[%emt 0:09:59]} 16. O-O {[%emt 0:03:55]} Nc8 {[%emt 0:06:47]} 17. g3 {[%emt 0:11:31]} Nd6 {[%emt 0:03:14]} 18. Rfd1 {[%emt 0:07:31]} Bh6 {[%emt 0:02:51]} 19. Qe1 {[%emt 0:03:31]} g5 {[%emt 0:02:29]} 20. hxg5 Qxg5 21. Bxb4 {[%emt 0:05:26]} h4 {[%emt 0:13:32]} 22. Bxd6 {[%emt 0:01:31]} hxg3 {[%emt 0:00:06]} 23. Nxg3 {[%emt 0:00:15]} cxd6 {[%emt 0:00:08]} 24. Nf3 {[%emt 0:06:58]} Qf6 {[%emt 0:08:24]} 25. Ra3 {[%emt 0:01:24]} Bf4 {[%emt 0:00:34]} 26. Bf1 {[%emt 0:00:44]} Bg4 {[%emt 0:00:53]} 27. Bg2 {[%emt 0:01:43]} Rc8 {[%emt 0:02:02]} 28. Rc3 {[%emt 0:06:59]} Ke7 {[%emt 0:00:36]} 29. b4 {[%emt 0:00:26]} Bxg3 {[%emt 0:01:52]} 30. fxg3 {[%emt 0:00:09]} Nd4 {[%emt 0:00:29]} 31. Nxd4 {[%emt 0:01:27]} exd4 {[%emt 0:00:12]} 32. Rxc8 {[%emt 0:01:05]} Rxc8 {[%emt 0:00:02]} 33. Rd2 Bd7 {[%emt 0:01:19]} 34. e5 {[%emt 0:06:42]} dxe5 {[%emt 0:00:04]} 35. Rxd4 {[%emt 0:00:04]} Bxa4 {[%emt 0:00:16]} 36. c4 Kf8 {[%emt 0:00:51]} 37. Rh4 {[%emt 0:00:14]} Rd8 {[%emt 0:00:25]} 38. Qe3 {[%emt 0:00:37]} Rd4 {[%emt 0:00:53]} 39. Rh6 {[%emt 0:07:36]} Qf5 {[%emt 0:00:22]} 40. Rxa6 {[%emt 0:00:00]} Rd1+ {[%emt 0:00:00]} 41. Kh2 {[%emt 0:00:32]} Qh5+ {[%emt 0:13:19]} 42. Bh3 {[%emt 0:00:29]} Rb1 43. b5 Rb2+ {[%emt 0:14:28]} 44. Kg1 {[%emt 0:42:46]} Rb3 {[%emt 0:01:00]} 45. Qh6+ {[%emt 0:02:43]} Qxh6 {[%emt 0:00:01]} 46. Rxh6 {[%emt 0:00:04]} e4 {[%emt 0:02:28]} 47. Kf2 {[%emt 0:04:08]} Kg7 {[%emt 0:01:38]} 48. Ra6 {[%emt 0:01:15]} Rf3+ {[%emt 0:00:05]} 49. Ke1 {[%emt 0:02:33]} Bc2 {[%emt 0:02:04]} 50. Bf1 {[%emt 0:01:09]} Rb3 {[%emt 0:00:33]} 51. Ra1 {[%emt 0:01:20]} Kf6 {[%emt 0:00:33]} 52. Rc1 {[%emt 0:01:08]} Bd3 {[%emt 0:00:28]} 53. Bxd3 {[%emt 0:00:11]} exd3 {[%emt 0:00:12]} 54. Kd2 {[%emt 0:00:05]} Ke5 {[%emt 0:00:02]} 55. Rc3 {[%emt 0:00:09]} Rb2+ {[%emt 0:00:02]} 56. Kxd3 {[%emt 0:00:41]} Rg2 {[%emt 0:00:03]} 57. c5 {[%emt 0:00:23]} Rxg3+ {[%emt 0:01:58]} 58. Kc4 {[%emt 0:00:05]} Rg8 {[%emt 0:00:43]} 59. b6 {[%emt 0:00:25] Kd5+} 1-0

[Event "IND-ch Senior Open 2019"]
[Site "Mazitar"]
[Date "2019.12.14"]
[Round "6.4"]
[White "Mohammad Nubairshah Shaikh"]
[Black "Vaibhav, Suri"]
[Result "0-1"]
[WhiteElo "2421"]
[BlackElo "2597"]
[Annotator "TA"]
[PlyCount "66"]
[EventDate "2018.12.08"]
[EventType "swiss"]
[EventCountry "IND"]
[SourceTitle "playchess.com"]
[Source "ChessBase"]
[SourceQuality "1"]

{[%evp 13,74,0,0,-14,0,-10,-3,-12,-14,-16,-17,-17,-25,-18,-12,-31,-18,-29,15,-30,-5,-96,-102,-100,-96,-94,-88,-137,-124,-134,-75,-79,-77,-78,-93,-91,-81,-227,-208,-208,-170,-346,-357,-365,-322,-543,-520,-534,-523,-479,-471,-1160,-1131,-29991,-29991,-29991,-29992,-29997,-29996,-29996,-29997,-29997,-29995]} 1. d4 Nf6 2. c4 e6 3. Nc3 Bb4 4. e3 O-O 5. Nge2 Re8 6. a3 Bf8 7. d5 a5 8. g3 {E46: Nimzo-Indian: Rubinstein: 4 e3 0-0 5 Ne2 without early Bd3} (8. Ng3 Na6 9. Be2 Nc5 10. b3 exd5 11. cxd5 a4 12. b4 Nb3 13. Rb1 c5 14. b5 Nxc1 15. Qxc1 d6 {0-1 (42) Tregubov,P (2592)-Saric,I (2695) St Petersburg 2018}) 8... Na6 9. Bg2 Nc5 10. b3 {The position is equal.} exd5 11. cxd5 b6 {[%cal Bb7b6,Bb6b5,Bb5b4,Bb4b3][%mdl 32]} 12. O-O Ba6 $36 {[%mdl 2048] Black fights for an advantage.} 13. Ra2 Nfe4 14. Nxe4 Nxe4 15. Rc2 c5 $146 ({Predecessor:} 15... a4 16. bxa4 {½-½ (33) Engelen,J (2361)-Egoshin,G (2379) ICCF email 2017}) 16. a4 b5 17. f3 {[#]} (17. axb5 $11 {remains equal.} Bxb5 18. Bxe4 Rxe4 19. Nc3) 17... Nd6 $1 $17 18. Rf2 b4 19. Bf1 Qb6 20. Nf4 Rac8 21. Bc4 Nxc4 (21... Bxc4 $142 22. bxc4 g6) 22. bxc4 Rb8 23. Nd3 b3 24. Rc3 {[#]} Qf6 $1 {[%cal Rf6c3]} 25. Qd2 {[#]} (25. Rxb3 $17 {might work better.} Bxc4 {[%mdl 64] Double Attack} 26. Rxb8 Rxb8 27. Rb2 Rxb2 28. Bxb2) 25... Rxe3 $1 $19 {[%mdl 512] White must now prevent ...Rbe8.} 26. Bb2 (26. Qxe3 Qxc3) 26... Qh6 27. f4 $2 (27. Rc1) 27... Re4 28. Ne5 d6 29. Nc6 $2 (29. Ng4 {is a better defense.} Qh3 30. Ne3) 29... Rbe8 30. Nxa5 Re1+ 31. Kg2 Bc8 32. h4 (32. f5 $142 Qxd2 33. Rxd2 R8e2+ 34. Rxe2 Rxe2+ 35. Kf3 Rxb2 36. Rxb3 Rxh2 37. g4 Rh3+ 38. Kf4 Rxb3 39. Nxb3) 32... Qh5 {( -> ...Qf5)} 33. Rxb3 {[#]} Qf5 {Played: Qh5-g4} 0-1

[Event "IND-ch Senior Open 2019"]
[Site "Mazitar"]
[Date "2019.12.14"]
[Round "6.5"]
[White "Ghosh, Diptayan"]
[Black "Karthikeyan, P.."]
[Result "*"]
[WhiteElo "2555"]
[BlackElo "2423"]
[Annotator "TA"]
[PlyCount "30"]
[EventDate "2018.12.08"]
[EventType "swiss"]
[EventCountry "IND"]
[SourceTitle "playchess.com"]
[Source "ChessBase"]
[SourceQuality "1"]

{[%evp 13,18,64,67,55,62,60,68]} 1. d4 c5 2. d5 g6 3. e4 d6 4. Nc3 Bg7 5. Nf3 Nf6 6. Bb5+ Nbd7 7. a4 O-O {White is slightly better.} 8. O-O {A43: Schmid Benoni} Ne8 (8... a6 9. Bc4 Nb6 10. Be2 Bg4 11. Nd2 Bxe2 12. Qxe2 e6 13. dxe6 fxe6 14. Nf3 Qe7 15. Bg5 h6 {1-0 (48) Sargissian,G (2680)-El Taher,F (2483) Sharjah 2018}) 9. Re1 a6 {Predecessor:} 10. Bf1 $146 e5 11. dxe6 fxe6 12. a5 Ne5 13. Nxe5 Bxe5 14. Be3 Bd7 15. Qd2 Nf6 {1-0 (29) Mainka,G (2318)-Stoeber,M (2296) Germany 2006} *

[Event "IND-ch Senior Open 2019"]
[Site "Mazitar"]
[Date "2019.12.14"]
[Round "6.5"]
[White "Ghosh, Diptayan"]
[Black "Karthikeyan, P.."]
[Result "1-0"]
[WhiteElo "2555"]
[BlackElo "2423"]
[Annotator "TA"]
[PlyCount "82"]
[EventDate "2018.12.08"]
[EventType "swiss"]
[EventCountry "IND"]
[SourceTitle "playchess.com"]
[Source "ChessBase"]
[SourceQuality "1"]

{[%evp 13,82,58,63,60,60,53,62,52,70,38,89,101,97,88,84,83,125,107,105,110,113,93,107,97,141,133,188,185,183,171,166,172,166,128,127,103,133,17,73,71,100,104,152,152,263,127,101,119,141,117,237,110,501,502,541,274,283,288,279,278,276,270,423,252,261,263,309,287,278,237,236]} 1. d4 c5 2. d5 g6 3. e4 d6 4. Nc3 Bg7 5. Nf3 Nf6 6. Bb5+ Nbd7 7. a4 O-O 8. O-O {A43: Schmid Benoni} Ne8 (8... a6 9. Bc4 Nb6 10. Be2 Bg4 11. Nd2 Bxe2 12. Qxe2 e6 13. dxe6 fxe6 14. Nf3 Qe7 15. Bg5 h6 {1-0 (48) Sargissian,G (2680)-El Taher,F (2483) Sharjah 2018}) 9. Re1 a6 10. Bf1 {White is slightly better.} Nc7 11. Bf4 f6 (11... Rb8 $14) 12. Qd2 $16 b6 $146 ({Predecessor:} 12... Rf7 13. a5 Nf8 14. h3 g5 15. Be3 Ng6 16. Na4 Bf8 17. Nb6 Rb8 18. e5 dxe5 19. Bxc5 {1-0 (37) Paragua,M (2534)-Situru,N (2390) Singapore 2004}) 13. Rab1 Ne5 14. Nxe5 fxe5 15. Bg5 Ne8 16. b4 Nf6 17. h3 Nh5 18. Be3 Nf4 19. Nd1 e6 (19... a5 $16 {keeps fighting.}) 20. Nc3 $18 Kh8 21. bxc5 bxc5 22. Kh2 Qh4 23. Qd1 Qd8 24. dxe6 Bxe6 25. Nd5 (25. Rb7 $16) 25... Bxd5 (25... Nxd5 $11 {remains equal.} 26. exd5 Bd7) 26. exd5 $16 e4 27. g3 g5 28. Rb7 $36 {[%mdl 2048] Keeping Black busy.} Be5 (28... Ng6 $16) 29. Bg2 (29. gxf4 $18 {has better winning chances.} gxf4 30. Bd4 $1 {[%mdl 512]} Bxd4 31. Qh5 $1 {[%mdl 512]}) 29... Qc8 {[#]} 30. Re7 $1 {Threatens to win with Bxf4.} ({But not} 30. gxf4 $6 gxf4 31. Rxh7+ Kxh7 $11) 30... Qf5 {[#]} 31. Bxe4 $1 ({Wrong is} 31. gxf4 $2 gxf4 32. Bd4 cxd4 $19) 31... Qxh3+ 32. Kg1 Rf5 $2 {[%mdl 8192]} (32... Ng6 $16 33. Bxg6 hxg6) 33. Qf3 $18 {[%mdl 64] Pin} Rg8 34. Qh1 Qxh1+ 35. Kxh1 Ng6 {[#]} 36. Rxh7+ $1 {[%mdl 512]} Kxh7 37. Bxf5 Kg7 (37... Kh6 {might work better.} 38. Rb1 a5) 38. Rb1 (38. Bxg5 $142 {And now f4 would win.} Rf8 39. Bxg6 Kxg6 40. f4) 38... Kf6 39. Be6 Rh8+ 40. Kg2 Bd4 {intending ...Bxe3.} 41. Bxd4+ cxd4 {Accuracy: White = 69%, Black = 53%.} 1-0

[Event "IND-ch Senior Open 2019"]
[Site "Mazitar"]
[Date "2019.12.15"]
[Round "7.1"]
[White "Akash G"]
[Black "Chanda, Sandipan"]
[Result "1-0"]
[WhiteElo "2431"]
[BlackElo "2545"]
[Annotator "TA"]
[PlyCount "69"]
[EventDate "2018.12.08"]
[EventType "swiss"]
[EventCountry "IND"]
[SourceTitle "playchess.com"]
[Source "ChessBase"]
[SourceQuality "1"]

{[%evp 19,69,29,52,18,78,89,81,59,60,31,74,76,86,102,120,116,146,134,156,123,96,89,142,140,127,120,113,122,127,176,151,158,197,172,159,144,220,253,255,237,244,217,197,156,135,134,1127,1075,1534,1577,29978,29976]} 1. e4 c5 2. Nf3 d6 3. d4 cxd4 4. Nxd4 Nf6 5. Nc3 a6 6. Be3 e6 7. f4 Qc7 8. Qf3 b5 9. Bd3 Bb7 10. g4 Nc6 11. O-O-O {B82: Sicilian Scheveningen: 6 f4} Na5 (11... b4 $11 {remains equal.} 12. Na4 Nd7) 12. g5 $16 Nd7 13. Kb1 {White is better.} b4 $146 ({Predecessor:} 13... Nc4 14. Bc1 g6 15. Rhe1 Qb6 16. Bxc4 bxc4 17. Qh3 O-O-O 18. f5 e5 {1-0 (29) Svetushkin,D (2598)-Heydarli,K (2376) Moscow 2012}) 14. Nce2 Nc4 15. Bc1 g6 16. h4 $36 {[%mdl 2048] Keeping Black busy.} Bg7 17. h5 Rg8 18. Qh3 O-O-O 19. Rhf1 Kb8 20. f5 Bxd4 ({Better is} 20... gxf5 21. exf5 e5) 21. Nxd4 ({Inferior is} 21. fxe6 Bxb2 $1 {[%mdl 512]} 22. exf7 (22. exd7 Bxc1 23. Bxc4 Qxc4 $15) 22... Rgf8 $15) 21... gxf5 22. exf5 e5 {[#]} 23. Ne6 $1 {[%mdl 512]} fxe6 24. fxe6 Ndb6 25. Rf7 {[%mdl 64] Double Attack} Qc5 26. Bxh7 Rge8 {[#]} 27. Bf5 $1 Bd5 (27... e4 $16 {is a better defense.}) 28. g6 $18 {Threatens to win with e7.} Rc8 29. Qd3 e4 30. Bxe4 Ne5 31. Qxd5 Nxd5 32. Rxd5 Qc4 $2 {[%mdl 8192] [#]} (32... Qb6 $16 33. g7 Rxe6) 33. Rxe5 $1 {[%mdl 512]} Rc7 (33... dxe5 34. Rb7+) 34. Bd3 Qg4 35. Re4 {Accuracy: White = 94%, Black = 44%.} 1-0

[Event "IND-ch Senior Open 2019"]
[Site "Mazitar"]
[Date "2019.12.15"]
[Round "7.2"]
[White "Ghosh, Diptayan"]
[Black "Gupta, Abhijeet"]
[Result "1/2-1/2"]
[WhiteElo "2555"]
[BlackElo "2611"]
[Annotator "TA"]
[PlyCount "122"]
[EventDate "2018.12.08"]
[EventType "swiss"]
[EventCountry "IND"]
[SourceTitle "playchess.com"]
[Source "ChessBase"]
[SourceQuality "1"]

{[%evp 14,122,20,9,29,21,22,5,0,-22,31,-22,0,-29,-31,-13,-14,-23,-20,-74,-67,-78,-78,-73,-66,-75,-66,-92,-12,-12,-25,-27,-31,-13,0,0,0,-11,-12,-16,0,0,0,-4,0,0,0,0,0,0,0,-8,-7,-13,0,0,0,0,0,0,0,-3,0,-3,0,-3,-3,-3,-3,-3,0,0,0,0,0,0,0,0,0,0,0,0,0,-2,-3,-3,-2,-10,0,-5,0,0,0,0,0,0,0,0,0,0,0,0,8,0,0,0,0,0,0,0,0]} 1. d4 Nf6 2. c4 g6 3. g3 Bg7 4. Bg2 O-O 5. Nc3 Nc6 6. Nf3 d5 7. cxd5 Nxd5 8. O-O e5 {[%cal Re5d4] D74: Fianchetto Grünfeld: Main Line (5 Nf3 0-0 6 cxd5 Nxd5 7 0-0)} 9. Nxd5 {[#] Strongly threatening dxe5.} e4 10. Nd2 Qxd5 11. e3 f5 ({Black should play} 11... Re8 $1 $11) 12. b3 (12. f3 $14) 12... Rd8 13. Ba3 Be6 14. Qc2 Qd7 15. Rac1 {[#]} a5 $146 {[%cal Ba7a5,Ba5b4][%mdl 32]} ({Predecessor:} 15... Rac8 16. Rfd1 {0-1 (91) Duda,J (2737)-Grischuk,A (2766) chess.com INT 2018}) 16. Nb1 (16. Rfd1 $11 {keeps the balance.}) 16... Nb4 $17 17. Bxb4 axb4 18. Rfd1 c6 19. Bf1 Ra5 20. Qd2 Qe7 {[#]} (20... Bf8 $17 21. Bc4 Rda8 22. Bxe6+ Qxe6) 21. a3 $1 $11 {[%mdl 512]} Bxb3 (21... bxa3 22. Qxa5) 22. Qxb4 Qxb4 23. axb4 Ra4 {The position is equal.} (23... Raa8 {feels hotter.} 24. Bc4+ Bxc4 25. Rxc4 Ra1 26. Rf1 Bf8) 24. Rd2 $1 Be6 ({Of course not} 24... Rxb4 $6 25. Rb2 $16) 25. Rb2 Bf8 26. b5 cxb5 27. Rxb5 Rb4 28. Nd2 Rc8 29. Rb1 Rxb1 30. Rxb1 Rc2 31. Nb3 b6 32. d5 Bxd5 {Threatening ...Ba3.} 33. Nd4 Rc3 34. Rxb6 Bc5 35. Rb5 Bf7 36. Ne2 Rc2 37. Rb1 Rd2 38. Rc1 Ba3 39. Rc8+ Kg7 40. Kg2 Bb2 41. h4 Bb3 42. Rc7+ Kh6 43. Nf4 Be5 44. Rb7 Bg8 45. Re7 Bf6 46. Rb7 Rc2 47. Rb8 Ba2 48. Rb7 Be5 49. Ra7 Bc7 {Threatens to win with ...Bb6.} 50. Ra6 Bf7 51. Ra7 Kg7 52. Ra6 h6 53. Bb5 g5 54. hxg5 hxg5 55. Ne6+ Bxe6 $1 56. Rxe6 {[%mdl 4096] Endgame KRB-KRB} Ba5 57. Kf1 Rb2 58. Be2 Rb1+ 59. Kg2 Rb2 60. Kf1 Rb1+ 61. Kg2 Rb2 {Accuracy: White = 70%, Black = 53%.} 1/2-1/2